000 00440nam a2200169Ia 4500
005 20250106060653.0
008 240331s9999 xx 000 0 und d
082 _bFUG
_2756
_a305.23
245 0 _aWhat's inside? :
_bLearning with children in the streets
260 _bRedd Barna Sri Lanka
_c1989
300 _a132 p.,
650 _aChildren
650 _aEducation
700 _aFuglesang, A
_eedt
700 _aChandler
_eedt
942 _cL
999 _c1547
_d1547